| 000 | 00467nam a22001457a 4500 | ||
|---|---|---|---|
| 020 | _qHard Cover. | ||
| 082 | _a658 | ||
| 100 | _aAqil, Talha | ||
| 245 |
_aA Framework for metrics used to measure sustainable supply chain management performance _cTalha Aquil |
||
| 300 |
_a41p. : ill. ; _c30cm. |
||
| 690 | _918256 | ||
| 700 |
_aMr. Kamran Khalid _917555 |
||
| 942 |
_2ddc _cTHE |
||
| 999 |
_c527148 _d527148 |
||